000 00614nam a2200217 a 4500
001 BRCA_7793
005 20190320210010.0
008 011013s1959----nyuad##f##---#001-0#eng-#
041 _aeng
044 _anyu
050 4 _aSB409
_b.O73 1959
245 1 0 _aThe orchids
_ba scientific survey
_cedited by Carl Withner.
260 _aNueva York
_bRonald
_cc1959
300 _aix, 648 p.
_bil.
_c24 cm.
440 0 _aChronica botanica
_pNew series of plant science books
_v32
_919301
500 _aX48
650 1 4 _aOrquídeas
_vEstudio
_919302
700 1 _aWithner, Carl
_eed.
_919303
902 _aGFM
942 _2lcc
_cB
999 _c7467
_d7467